<?xml version="1.0" encoding="UTF-8"?><?xml-stylesheet type="text/xsl" href="static/style.xsl"?><OAI-PMH xmlns="http://www.openarchives.org/OAI/2.0/" xmlns:xsi="http://www.w3.org/2001/XMLSchema-instance" xsi:schemaLocation="http://www.openarchives.org/OAI/2.0/ http://www.openarchives.org/OAI/2.0/OAI-PMH.xsd"><responseDate>2026-04-17T06:38:35Z</responseDate><request verb="GetRecord" identifier="oai:www.recercat.cat:2072/423791" metadataPrefix="marc">https://recercat.cat/oai/request</request><GetRecord><record><header><identifier>oai:recercat.cat:2072/423791</identifier><datestamp>2025-02-21T19:55:15Z</datestamp><setSpec>com_2072_98</setSpec><setSpec>col_2072_378197</setSpec></header><metadata><record xmlns="http://www.loc.gov/MARC21/slim" xmlns:dcterms="http://purl.org/dc/terms/" xmlns:xsi="http://www.w3.org/2001/XMLSchema-instance" xmlns:doc="http://www.lyncode.com/xoai" xsi:schemaLocation="http://www.loc.gov/MARC21/slim http://www.loc.gov/standards/marcxml/schema/MARC21slim.xsd">
   <leader>00925njm 22002777a 4500</leader>
   <datafield ind2=" " ind1=" " tag="042">
      <subfield code="a">dc</subfield>
   </datafield>
   <datafield ind2=" " ind1=" " tag="720">
      <subfield code="a">Muñoz Pradas, Francesc</subfield>
      <subfield code="e">author</subfield>
   </datafield>
   <datafield ind2=" " ind1=" " tag="720">
      <subfield code="a">Universitat Autònoma de Barcelona. Unitat d'Història Econòmica</subfield>
      <subfield code="e">author</subfield>
   </datafield>
   <datafield ind2=" " ind1=" " tag="260">
      <subfield code="c">2009</subfield>
   </datafield>
   <datafield ind2=" " ind1=" " tag="520">
      <subfield code="a">Este artículo se organiza en los siguientes apartados. En el primero, se presentan las fuentes y los datos de las estadísticas españolas sobre consumo de leches de origen animal y se discute las limitaciones del análisis basado en los valores medios. A continuación se presentará una metodología de corrección y ajuste de estos indicadores y a partir de la cual podrán inferirse las distribuciones de consumo del conjunto de la población española. En el segundo, se sigue con la aplicación de este procedimiento a los datos provinciales españoles comprendidos entre 1925 y 1981 y se comentan los resultados básicos obtenidos. Por último, se profundiza en el estudio de las tendencias de consumo a lo largo de ese período tanto a través del análisis de las estructuras de consumo como de sus pautas territoriales. La conclusión situará brevemente los resultados principales en el contexto de la transición nutricional española en el siglo XX y cerrará con unas observaciones sobre la naturaleza de la metodología aplicada, sus limitaciones y posibilidades.</subfield>
   </datafield>
   <datafield tag="653" ind2=" " ind1=" ">
      <subfield code="a">Llet Consum Història 1925-1981 Espanya</subfield>
   </datafield>
   <datafield tag="653" ind2=" " ind1=" ">
      <subfield code="a">Nutrició Història 1925-1981 Espanya</subfield>
   </datafield>
   <datafield ind2="0" ind1="0" tag="245">
      <subfield code="a">Población y consumo. Una reconstrucción de las poblaciones consumidoras de leche en España 1925-1981</subfield>
   </datafield>
</record></metadata></record></GetRecord></OAI-PMH>